LEADER 00924nam0-22003131i-450- 001 990000970670403321 005 20110211150950.0 035 $a000097067 035 $aFED01000097067 035 $a(Aleph)000097067FED01 035 $a000097067 100 $a20001205d1946----km-y0itay50------ba 101 0 $aeng 200 1 $aPiezoelectricity$ean introduction to the theory and applications of electromechanical phenomena in crystals$fby Walter Guyton Cady 210 $aNew York ; London$cMcGraw-Hill$d1946 610 0 $aSemiconduttori 610 0 $aPiezoelettricitą 676 $a537.622 700 1$aCady,$bWalter Guyton$026151 801 0$aIT$bUNINA$gRICA$2UNIMARC 901 $aBK 912 $a990000970670403321 952 $a30-005$b530$fFI1 952 $a30-005.001$b15199$fFI1 952 $a10 B I 64$b2858$fDINEL 959 $aFI1 959 $aDINEL 996 $aPiezoelectricity$9358425 997 $aUNINA LEADER 03553nam 2200745 a 450 001 9910821781603321 005 20230803024543.0 010 $a9786613688965 010 $a9781118338094 010 $a111833809X 010 $a9781280778575 010 $a1280778571 010 $a9781118338087 010 $a1118338081 010 $a9781118338070 010 $a1118338073 010 $a9781118338100 010 $a1118338103 035 $a(CKB)2670000000208352 035 $a(EBL)947541 035 $a(OCoLC)797916490 035 $a(SSID)ssj0000676770 035 $a(PQKBManifestationID)11415813 035 $a(PQKBTitleCode)TC0000676770 035 $a(PQKBWorkID)10683650 035 $a(PQKB)11460960 035 $a(MiAaPQ)EBC947541 035 $a(Au-PeEL)EBL947541 035 $a(CaPaEBR)ebr10575636 035 $a(CaONFJC)MIL368896 035 $a(Perlego)1001700 035 $a(EXLCZ)992670000000208352 100 $a20120523d2013 uy 0 101 0 $aeng 135 $aur|n|---||||| 181 $ctxt 182 $cc 183 $acr 200 10$aBasics of blood management /$fPetra Seeber, Aryeh Shander 205 $a2nd ed. 210 $aChichester, West Sussex ;$aHoboken, N.J. $cJohn Wiley & Sons$d2013 215 $a1 online resource (362 p.) 300 $aTwo columns to the page. 311 08$a9780470670705 311 08$a0470670703 320 $aIncludes bibliographical references and index. 327 $aBasics of Blood Management; Contents; Preface; Preface to the First Edition; 1: History and Organization of Blood Management; 2: Physiology of Anemia and Oxygen Transport; 3: Anemia Therapy I: Erythropoiesis-Stimulating Agents; 4: Anemia Therapy II: Hematinics; 5: Growth Factors; 6: Fluid Management; 7: Chemistry of Hemostasis; 8: Recombinant Blood Products; 9: Artificial Blood; 10: Oxygen Therapy; 11: Preparation of the Patient for Surgery; 12: Iatrogenic Blood Loss; 13: Physical Methods of Hemostasis; 14: Anesthesia-More than Sleeping; 15: Use of Autologous Blood; 16: Cell Salvage 327 $a17: Blood-Derived Pharmaceuticals18: Transfusion Medicine; 19: Step by Step to an Organized Blood Management Program; 20: Law, Ethics, Religion, and Blood Management; Appendix A: Detailed Information; Appendix B: Sources of Information for Blood Management; Appendix C: Program Tools and Forms; Appendix D: Teaching Aids: Research and Projects; Index 330 $aTo reduce transfusion-related morbidity and mortality, it is recommended that an integrated approach to blood management is employed using all available tools to reduce a patient's exposure to donor blood. Meeting the need for a book covering the concepts of blood management as a trend towards multidisciplinary blood management, this new edition is an important resource, providing healthcare professionals with a tool to develop background knowledge in blood management, its organization, methods and tools. Practicing clinicians will be fully prepared to successfully start and run blood manageme 606 $aTransfusion-free surgery 606 $aBlood$xTransfusion 606 $aBlood banks 615 0$aTransfusion-free surgery. 615 0$aBlood$xTransfusion. 615 0$aBlood banks. 676 $a362.17/84 700 $aSeeber$b Petra$0862179 701 $aShander$b Aryeh$0862180 801 0$bMiAaPQ 801 1$bMiAaPQ 801 2$bMiAaPQ 906 $aBOOK 912 $a9910821781603321 996 $aBasics of blood management$91924575 997 $aUNINA LEADER 01123nas 2200409- 450 001 9910367611603321 005 20260218113109.0 011 $a2544-6320 035 $a(DE-599)ZDB2977675-2 035 $a(OCoLC)1076637135 035 $a(CKB)4100000003666567 035 $a(CONSER)--2020204297 035 $a(DE-599)2977675-2 035 $a(EXLCZ)994100000003666567 100 $a20180920a201u9999 --- a 101 0 $aeng 135 $aurunu|||||||| 181 $ctxt$2rdacontent 182 $cc$2rdamedia 183 $acr$2rdacarrier 200 00$aAnnals of science and technology 210 1$a[Poland] :$cDe Gruyter Open 215 $aonline resource 517 1 $aAST 606 $aScience$vPeriodicals 606 $aTechnology$vPeriodicals 606 $aScience$2fast$3(OCoLC)fst01108176 606 $aTechnology$2fast$3(OCoLC)fst01145078 608 $aPeriodicals.$2fast 615 0$aScience 615 0$aTechnology 615 7$aScience. 615 7$aTechnology. 906 $aJOURNAL 912 $a9910367611603321 996 $aAnnals of science and technology$92009077 997 $aUNINA